Online Catalogue and eLibrary

Dilisena pihatu (Record no. 5363)

MARC details
000 -LEADER
fixed length control field 00397nam a2200157Ia 4500
005 - DATE AND TIME OF LATEST TRANSACTION
control field 20250703032504.0
008 - FIXED-LENGTH DATA ELEMENTS--GENERAL INFORMATION
fixed length control field 240331s9999 xx 000 0 und d
020 ## - INTERNATIONAL STANDARD BOOK NUMBER
ISBN 9558091162
082 ## - DDC Classification
Item Number - Author Mark DES
Class No. 891
100 ## - MAIN ENTRY--PERSONAL NAME
Personal name De Silva,A
245 #0 - TITLE STATEMENT
Title Dilisena pihatu
260 ## - PUBLICATION, DISTRIBUTION, ETC.
Place of publication, distribution, etc. Blangoda
Name of publisher, distributor, etc. Tharaka Publishers
300 ## - PHYSICAL DESCRIPTION
Extent (e.g. Volumes, Pages etc.) 223 p .,
500 ## - GENERAL NOTE
General note A translation of the Novel Beautiful Feathers
942 ## - Koha item type (Biblio)
Koha item type Books in Stacks (Lending)
Holdings
Lost status Damaged status Collection code Home library Current library Shelving location Date acquired Full call number Accession Number Item type
    Lending WERC Library WERC Library Social Science Cupboard 03/31/2024 891.48 DES 4471 Books in Stacks (Lending)

© WERC Library